000 00784cam a2200253 a 4500
001 000004550
005 20200929151447.0
008 831205s1987 sp 000 f spa
020 _a8423924262
040 _aDO-SdBNP
_cDLC
_dDLC
041 1 7 _aspa
_hger
_2Código de idioma MARC
082 _a833.9
_bR582M
100 1 _aRinser, Luise,
_d1911-2002
_913296
240 1 0 _aMirjam
_lEspañol
245 1 0 _aMiryam de Magdala /
_cLuise Rinser ; traducción, Luis Pastor.
260 _aMadrid :
_bEspasa-Calpe,
_c1987.
300 _a219 p. ;
_c24 cm.
440 0 _aEspasa Mañana.
_913297
534 _aTítulo original:
_tMirjam.
650 4 _aNovela alemana
_93302
650 4 _aLiteratura alemana
_93274
700 1 _aPastor, Luis,
_etr.
_913298
910 _aCatalogación por copia / LC
999 _c4358
_d4358